| 000 | 00359nam a2200097Ia 4500 | ||
|---|---|---|---|
| 008 | 180130s9999 xx 000 0 und d | ||
| 245 |
_cKondo, Mari _aThe Philippines: inequality-trapped capitalism |
||
| 260 | _c2014 | ||
| 300 | _aBook title: The Oxford handbook of Asian business systems--Acession number C19643; pages 169-191 | ||
| 650 | _aBUSINESS SYSTEMS--ASIA | ||
| 999 |
_c354416 _d354416 |
||